Music Artists by Song - C - Statistics

General Stats
  • This quiz has been taken 133 times
    79 since last reset
  • The average score is 14 of 30
Answer Stats
Songs Artist % Correct
Yellow / Viva La Vida / Something Just Like This Coldplay
96%
Call Me Maybe / Cut To The Feeling / I Really Like You Carly Rae Jepsen
89%
Gangsta's Paradise / Fantastic Voyage / C U When U Get There Coolio
87%
Zombie / Linger / Dreams The Cranberries
87%
Girls Just Want to Have Fun / Time After Time / True Colors Cyndi Lauper
85%
Should I Stay or Should I Go / Rock the Casbah / London Calling The Clash
81%
Feel This Moment / Genie In a Bottle / Say Something Christina Aguilera
76%
It's All Coming Back to Me Now / My Heart Will Go On / The Power of Love Celine Dion
74%
Boys Don't Cry / Friday I'm In Love / Just Like Heaven The Cure
72%
Johnny B. Goode / You Never Can Tell / No Particular Place To Go Chuck Berry
67%
Something Just Like This / Closer / Don't Let Me Down The Chainsmokers
63%
You're So Vain / Coming Around Again / You Belong To Me Carly Simon
54%
Rather Be / Symphony / Rockabye Clean Bandit
50%
Lovefool / Step On Me / My Favourite Game The Cardigans
44%
Les / Heartbeat / Redbone Childish Gambino
43%
party 4 u / Guess / Von dutch Charli xcx
39%
Wicked Game / Lie To Me / Blue Hotel Chris Isaak
39%
(They Long To Be) Close To You / Yesterday Once More / Top Of The World Carpenters
37%
Cigarette Daydream / Ain't No Rest for the Wicked / Come a Little Closer Cage the Elephant
33%
Pretty Little Baby / Stupid Cupid / Who's Sorry Now Connie Francis
33%
Insane in the Brain / Hits from the Bong / Tequila Sunrise Cypress Hill
31%
Easy / Brick House / Nightshift Commodores
30%
Apocalypse / Cry / Sunsetz Cigarettes After Sex
24%
Juna / Bags / Sofia Clairo
15%
Then He Kissed Me / Da Doo Ron Ron / He's a Rebel The Crystals
15%
Swim / Friends / Into It Chase Atlantic
11%
Always Forever / Gilded Lily / She Knows Cults
11%
Juliet / Devil Town / This Is Home Cavetown
7%
Baby Don't Hurt Me / Self Love / Players Coi Leray
6%
Strange / Both Sides Of The Moon / Lately Celeste
2%
No matching quizzes found
Score Distribution
Percent of People with Each Score
Percentile by Number Answered
Your Score History
You have not taken this quiz since the last reset